=LDR 00000nam 2200000 4500 =001 INLIS000000000005655 =005 20251020112413 =035 ##$$a 0010-1025000710 =007 ta =008 251020###########################0#ind## =082 ##$$a 658.3 =084 ##$$a 658.3 BAD a =100 #$$a Badan Koordinasi Keluarga Berencana Nasional =245 1#$$a Asas dan Wahana Pengelolaan Pembinaan Ketenagaan Program Secara Melekat /$c Badan Koordinasi Keluarga Berencana Nasional =260 ##$:$b Badan Koordinasi Keluarga Berencana Nasional,$c 1987 =300 ##$$a 6 Hal : $b Ilus ; $c 21 =650 #4$$a Keluarga Berencana =856 ##$$a Perpustakaan Kemendukbangga